Mis-Matched Movies Quiz Stats

Quiz Updated Aug 15, 2015

Challenge
Share
Tweet
Score 0/30 Timer 05:00
4 Plays Today
% Correct
A Beautiful Mockingbird
98.4%
Back to the Galaxy
97.2%
Million Dollar Millionaire
96.2%
Gone Hunting
95.9%
The Silence of the Men
95.6%
Django of Wall Street
95%
American History Vendetta
94.7%
It's a Wonderful Story
94.5%
No Country for Virginia Woolf
94.1%
Driving Hard
93.7%
The Elephant Dragon
93%
The Great Society
92.8%
Reservoir Blood
92.5%
Dances to Dinner
92.3%
The Hurt Woman
91.8%
% Correct
Out of Music
91.2%
Raging Suspects
90.8%
The Purple Rose Orange
90.7%
A Streetcar Named the Spider Woman
89.3%
City Driver
89.2%
Diamonds Are Enough
88.1%
Zero Dark Samurai
88%
Pan's Glory
87.8%
Lost in the Night
87.5%
Cat on a Hot Streak
86.8%
Finding Love
86.3%
Lock, Stock, and Two Smoking Sisters
86.3%
The French Tourist
84.1%
The Thin Bounty
83.2%
The Big Washington
81.2%

You're not logged in!

Compare scores with friends on all Sporcle quizzes.
Sign Up with Email
OR
Log In

You Might Also Like...

Show Comments

Extras

Top Quizzes Today


Score Distribution

Your Account Isn't Verified!

In order to create a playlist on Sporcle, you need to verify the email address you used during registration. Go to your Sporcle Settings to finish the process.